Films de Hayao Miyazaki - Mort Subite - Statistiques

Statistiques générales
  • Ce quiz a été pris 91 fois
  • Le résultat moyen est 7 sur 13
Answers on the Grid
Answers color-coded by a green-red scale on the quiz's grid according to % correct below.
Arrietty le petit monde des chapardeurs
Goshu le violoncelliste
Horus prince du soleil
Je peux entendre l'océan
Kié la petite peste
Kiki la petite sorcière
La Colline aux Coquelicots
La Tortue Rouge
Le Château ambulant
Le Château dans le Ciel
Le Château de Cagliostro
Le conte de la princesse Kaguya
Le Garçon et le Héron
Le Royaume des Chats
Le Tombeau des Lucioles
Le Vent se lève
Le Voyage de Chihiro
Les Contes de Terremer
Mary et la fleur de la sorcière
Mes voisins les Yamada
Mon voisin Totoro
Nausicaä de la vallée du vent
Panda Petit Panda
Pompoko
Ponyo sur la falaise
Porco Rosso
Princesse Mononoke
Si tu tends l'oreille
Souvenirs de Marnie
Souvenirs goutte à goutte
 
Statistiques - réponses
Réponse % Correct
Kiki la petite sorcière
88%
Le Château ambulant
79%
Le Château dans le Ciel
70%
Mon voisin Totoro
68%
Porco Rosso
64%
Le Garçon et le Héron
61%
Princesse Mononoke
61%
Le Voyage de Chihiro
59%
Le Vent se lève
55%
Nausicaä de la vallée du vent
50%
Ponyo sur la falaise
45%
Le Château de Cagliostro
41%
Panda Petit Panda
5%
Aucun quiz correspondant
Distribution des résultats
% des personnes avec chaque résultat
Percentile par nombre de réponses
Votre historique - résultats
Vous n’avez pas pris ce quiz